Logo BPK

Biblioteka

Politechniki Koszalińskiej

Robert Musil, Briefe-Nachlese, Dialog mit dem Kritiker Walther Petry : (Rekord nr 50973)

Szczegóły MARC
000 -ETYKIETA REKORDU
podpole kontrolne o stałej długości 00826nam a2200217 i 4500
001 - NUMER KONTROLNY REKORDU
pole kontrolne bgj
040 ## - ŹRÓDŁO KATALOGOWANIA
Instytucja, która utworzyła rekord BPK
041 0# - KOD JĘZYKA
Kod języka tekstu ger
044 ## - KOD KRAJU WYDAWCY/PRODUCENTA
Kod kraju wydawcy/producenta DEU
080 ## - UNIWERSALNA KLASYFIKACJA DZIESIĘTNA - UKD
UKD 821.112.2
008 - POLE O STAŁEJ DŁUGOŚCI - DANE KONTROLNE
podpole kontrolne o stałej długości s gw f |000 0 ger
245 10 - TYTUŁ/ODPOWIEDZIALNOŚĆ
Tytuł Robert Musil, Briefe-Nachlese, Dialog mit dem Kritiker Walther Petry :
Ciąg dalszy tytułu [eine Veröffentlichung der Internationalen Robert-Musil-Gesellschaft Saarbrücken/Wien, Oktober 1994] /
Pozostałe elementy strefy tytułu i oznaczenia odpowiedzialności Interantionale Robert-Musil-Gessellschaft ; Mit Peter Engel [et al.] ; hrsg. von Adolf Friés.
260 ## - STREFA ADRESU WYDAWNICZEGO
Miejsce wydania Saarbrücken ;
-- Wien :
Nazwa wydawcy/dystrybutora Internationale Robert-Musil-Gesselschaft,
Data publikacji, dystrybucji/powstania dokumentu 1971.
300 ## - STREFA OPISU FIZYCZNEGO
Objętość 89 s. ;
Rozmiary 21 cm.
650 9# - HASŁO PRZEDMIOTOWE W FORMIE NAZWY OGÓLNEJ LUB JEDNOSTKOWEJ
Nazwa ogólna lub geograficzna Literatura niemiecka
700 1# - HASŁO DODATKOWE - NAZWA OSOBOWA
Nazwa osobowa MUSIL, Robert.
700 1# - HASŁO DODATKOWE - NAZWA OSOBOWA
Nazwa osobowa ENGEL, Peter.
700 1# - HASŁO DODATKOWE - NAZWA OSOBOWA
Nazwa osobowa FRIÉS, Adolf.
710 1# - HASŁO DODATKOWE - NAZWA CIAŁA ZBIOROWEGO
Nazwa ciała zbiorowego lub jednostki geograficznej Internationale Robert-Musil-Gesellschaft.
856 ## - LOKALIZACJA I DOSTĘP DO ELEKTRONICZNYCH DOKUMENTÓW ZDALNYCH
Link (URL) http://koha.tu.koszalin.pl/cgi-bin/koha/opac-detail.pl?biblionumber=50973
Tekst linku Katalog online BPK
942 ## - DODATKOWE ELEMENTY (KOHA)
Typ dokumentu Książka
Egzemplarze
Wycofany Status egzemplarza Uszkodzony Dostępność Lokalizacja stała Lokalizacja bieżąca Miejsce przechowywania Sygnatura Kod kreskowy Typ dokumentu
      Tylko na miejscu Biblioteka Politechniki Koszalińskiej Biblioteka Politechniki Koszalińskiej Czytelnia Wydziałowa ul. Kwiatkowskiego 6e N 87 02120805 Książka
© 2023 Biblioteka Politechniki Koszalińskiej :: KOHA